| Tag |
First Indicator |
Second Indicator |
Subfields |
| LEADER |
00000cam a2200000 4500 |
| 001 |
in00000021775 |
| 005 |
20151007063729.0 |
| 008 |
760426s1920 mx 00001 spa u |
| 010 |
|
|
|a 22007054
|
| 035 |
|
|
|a (OCoLC)02141011
|
| 035 |
|
|
|9 AAD8111AM
|
| 040 |
|
|
|c OUN
|d TXA
|d UtOrBLW
|
| 049 |
|
|
|a TXAM
|c [414880]
|
| 050 |
|
0 |
|a PQ7297.G3
|b S8
|
| 092 |
|
|
|a 813
|b G192su
|
| 100 |
1 |
|
|a Gamboa, Federico,
|d 1864-1939.
|
| 245 |
1 |
0 |
|a Suprema ley ...
|
| 264 |
|
1 |
|a Mexico :
|b Eusebio Gomez de la Puente,
|c 1920.
|
| 300 |
|
|
|a 430 pages ;
|c 18 cm.
|
| 336 |
|
|
|a text
|b txt
|2 rdacontent
|
| 337 |
|
|
|a unmediated
|b n
|2 rdamedia
|
| 338 |
|
|
|a volume
|b nc
|2 rdacarrier
|
| 500 |
|
|
|a Ninth edition.
|
| 999 |
|
|
|a MARS
|
| 999 |
f |
f |
|s 43030f0f-974e-38b3-a96c-01fe168daa4d
|i 2d1ff187-3fb5-3604-a466-aa47764f61f4
|t 0
|
| 952 |
f |
f |
|p ric
|a Texas A&M University
|b Rellis Campus
|c Joint Library Facility
|d Remote Storage
|t 0
|e PQ7297.G3 S8
|h Library of Congress classification
|i unmediated -- volume
|m A14829050508
|
| 998 |
f |
f |
|a PQ7297.G3 S8
|t 0
|l Remote Storage
|